000 00807nam a2200241Ia 4500
999 _c36093
_d36093
001 1993
003 GE_BSU
005 20190423121922.0
008 181216s2007||||ru |||||||||||||| ||rus||
020 _a978859717194
040 _cGE_BSU
041 _arus
080 _a343(075.8) С-50
100 _aСмирнов, А. В.
_9396
245 _aУголовный процесс :
_bУчебники для вузов /
_cПод общ. ред. А.В.Смирнова.
250 _a3-е изд. доп. и перераб
264 _aМосква :
_bКнорус,
_c2007.
300 _a704 стр.;
_b23 см.
653 _aსამართალი
653 _aსისხლის სამართალი
700 _aКалиновский, К. Б.
_eавтор
_9399
942 _cBK
_2udc